Illinois Pro Sport Teams - Statistics

General Stats
  • This quiz has been taken 67 times
    61 since last reset
  • The average score is 5 of 5
Answer Stats
League Team % Correct
NBA Chicago Bulls
98%
MLB Chicago Cubs
98%
NFL Chicago Bears
96%
NHL Chicago Blackhawks
92%
MLB Chicago White Sox
92%
No matching quizzes found
Score Distribution
Percent of People with Each Score
Percentile by Number Answered
Your Score History
You have not taken this quiz since the last reset